De las obligaciones en general: coloquio de iusprivatistas de Roma y América. Cuarta reunión de trabajo

Gardado en:
Detalles Bibliográficos
Main Authors: Morales Hervias, Rómulo (Author), Priori Posada, Giovanni F (Author)
Formato: Libro
Idioma:Lingua castelá
Publicado: Lima Pontificia Universidad Católica del Perú 2012
Edición:1a. ed
Subjects:
Tags: Engadir etiqueta
Sen Etiquetas, Sexa o primeiro en etiquetar este rexistro!

MARC

LEADER 00000cam a2200000 a 4500
001 UCC7203
003 CL-VaPUC
005 20210313002154.0
008 190308e20120000pe 1 spa d
020 |a 9786124146244 
082 0 4 |a 346.02  |b MOR  |2 21 
100 1 |a Morales Hervias, Rómulo  |e author  |9 622372 
700 1 |a Priori Posada, Giovanni F  |e author  |9 622373 
245 1 0 |a De las obligaciones en general: coloquio de iusprivatistas de Roma y América. Cuarta reunión de trabajo 
250 |a 1a. ed 
260 |a Lima  |b Pontificia Universidad Católica del Perú  |c 2012 
300 |a 575 p 
583 |a last modification  |c 20190308 12:55:00  |k Rodrigo Vera 
650 0 0 |a Derecho civil  |9 255013 
650 0 0 |a Obligaciones   |9 255578 
650 0 7 |a SUCESION  |2 CL-VaPUC  |9 375829 
942 |c BK 
945 |a dcastane  |d 20190308 12:55:00 
546 |a En Español 
536 |a Pontificia Universidad Católica del Perú 
518 |p De las Obligaciones en General: Coloquio de Iusprivatistas de Roma y América, 4, Lima, 21 y 22 de julio de 2011 
999 |c 384955  |d 384953 
952 |0 0  |1 0  |3 erb  |4 0  |6 346_020000000000000_MOR_2012  |7 0  |8 A  |9 507968  |a BIBDER  |b BIBDER  |i 5535360  |o 346.02 MOR 2012  |p 5535360  |r 2023-01-25  |w 2020-01-23  |y BK  |z Catalogado en:20190308  |k DER